| 000 | 01616nam a2200469Ii 4500 | ||
|---|---|---|---|
| 001 | DIGBRUJ298 | ||
| 003 | NyNyDIG | ||
| 006 | m o d | ||
| 007 | cr ||||||||||| | ||
| 008 | 211019s2018 ag a ob 000 0 spa d | ||
| 035 | _a(OCoLC)1282641636 | ||
| 040 |
_aDGITA _beng _erda _epn _cDGITA |
||
| 020 |
_a9789877601114 _qeBook |
||
| 050 | 1 | 4 | _aLB1050 ebook |
| 082 | 0 | 4 | _a418.4071 |
| 245 | 0 | 0 |
_aPrácticas de lectura y escritura en la era digital / _cDenise Hernández y Hernández [and 2 others], coordinadores. |
| 250 | _a1a edición. | ||
| 264 | 1 |
_aCórdoba : _bEditorial Brujas, _c2018. |
|
| 300 |
_a1 online resource : _billustrations. |
||
| 336 |
_atext _btxt _2rdacontent |
||
| 337 |
_acomputer _bc _2rdamedia |
||
| 338 |
_aonline resource _bcr _2rdacarrier |
||
| 347 |
_atext file _2rdaft |
||
| 347 | _bEPUB | ||
| 347 | _bPDF | ||
| 490 | 1 |
_aColección Háblame de TIC ; _v5 |
|
| 504 | _aIncludes bibliographical references. | ||
| 588 | 0 | _aOnline resource; title from ePub title page (Digitalia, viewed October 19, 2021) | |
| 650 | 0 | _aReading. | |
| 650 | 0 | _aWriting. | |
| 650 | 0 | _aInformation technology in education. | |
| 650 | 0 | _aEducational technology. | |
| 650 | 0 | _aComputer-assisted instruction. | |
| 655 | 0 | _aElectronic books. | |
| 700 | 1 |
_aHernández y Hernández, Denise, _eeditor. |
|
| 791 | 2 |
_aDigitalia (Firm), _edistributor. |
|
| 793 | 0 |
_gDigitalia eBook Collection: _aEditorial Brujas |
|
| 830 | 0 |
_aHáblame de TIC ; _v5. |
|
| 856 | 4 | 0 |
_3Digitalia Hispánica _uhttps://www.digitaliapublishing.com/a/58640/ |
| 910 | _aPremium collection: 2021 | ||
| 942 | _cRAA | ||
| 999 |
_c255803 _d255803 |
||